| 000 | 00673nam a2200241Ia 4500 | ||
|---|---|---|---|
| 003 | OSt | ||
| 005 | 20221005035033.0 | ||
| 006 | a|||||r|||| 00| 0 | ||
| 007 | ta | ||
| 008 | 221004b |||||||| |||| 00| 0 eng d | ||
| 024 | _a121333 | ||
| 037 |
_bGift, 19/09/2012, _cTextual |
||
| 040 |
_aCRL _cCRL _beng |
||
| 041 |
_2eng _aeng |
||
| 082 | _aZ2:881z, N6 | ||
| 100 | _aBhalla Sandeep | ||
| 245 | 0 | _aSupreme court annual digest 1996 | |
| 260 |
_aDelhi _bHindustan Publications India _c1996 |
||
| 300 |
_acclxxxviii, 3880p. _ccm. |
||
| 650 | _aLAW | ||
| 942 |
_hZ2:881z, N6 _cTEXL _2cc |
||
| 999 |
_c944520 _d944520 |
||